Jak utvářet Evropu: konvenčně nebo konventně?

Výhody a nevýhody metódy konventu v porovnaní s klasickou metódou medzivládnych konferencií (Intergovernmental conference - IGC). Teoretický rámec - teória vyjednávania. Metóda medzivládnych konferencií (IGC) všeobecne. Príprava Amsterdamskej zmluvy, príprava Zmluvy z Nice, príprava Ústavnej zmluvy....

Descrizione completa

Salvato in:
Dettagli Bibliografici
Autore principale: Königová, Lucie
Altri autori: Kratochvíl, Petr
Natura: Capitolo di libro
Lingua:ceco
Soggetti:
Tags: Aggiungi Tag
Nessun Tag, puoi essere il primo ad aggiungerne!!

MARC

LEADER 00000naa$a2200000$$$4500
001 0029942
005 20231016100036.0
041 0 |a cze 
044 |a CZ 
245 1 0 |a Jak utvářet Evropu: konvenčně nebo konventně?  |c Lucie Königová, Petr Kratochvíl 
520 |a Výhody a nevýhody metódy konventu v porovnaní s klasickou metódou medzivládnych konferencií (Intergovernmental conference - IGC). Teoretický rámec - teória vyjednávania. Metóda medzivládnych konferencií (IGC) všeobecne. Príprava Amsterdamskej zmluvy, príprava Zmluvy z Nice, príprava Ústavnej zmluvy. Metóda konventu. Konvent na prípravu Charty základných práv EÚ. Konvent o budúcnosti EÚ. Malé a stredne veľké krajiny na Konvente o budúcnosti EÚ - taktika vyjednávania. 
610 2 0 |a spolupráca hospodárska medzinárodná 
610 2 0 |a politika zahraničná 
610 2 0 |a štát 
610 2 0 |a vláda 
610 2 0 |a diplomacia 
610 2 0 |a subsidiarita 
610 2 0 |a konferencie 
610 2 0 |a vyjednávanie 
610 2 0 |a socializácia 
610 2 0 |a práva ľudské 
610 2 0 |a demokracia 
610 2 0 |a zmluvy medzinárodné 
610 2 0 |a krajiny vyspelé 
610 2 0 |a Európska únia 
100 1 |a Königová, Lucie 
700 1 |a Kratochvíl, Petr